000 00352nam a2200133Ia 4500
008 240624s9999 xx 000 0 und d
041 _aeng
082 _a519 SOM
100 _aSOMASUNDARAM D
245 _aFIRST COURSE IN MATHEMATICAL ANALYSIS
260 _c2007
_aNew Delhi
_bNarosa Publishing House Pvt. Ltd.
300 _a616 : p.
365 _cRS
_b30
999 _c12608
_d12608